000 01354naa a22003257a 4500
001 BR9404520
003 BR-BrBNA
005 20240918181228.0
007 ta
008 230509b bl.||||| |||| 00| 0 por d
040 _aBR-BrBNA
_bpor
_cBiblioteca Nacional de Agricultura
041 _a(Pt)
072 _aF08
_b3140
_b3240
_b1540
_b0150
_b1930
090 _aF08 BR9404520
100 1 _aMelo, J.T. de
111 1 _a2. Encontro Brasileiro de Economia e Planejamento Florestal
_cCuritiba, PR (Brazil)
_d30 Sep - 4 Oct 1991
245 1 _aEucalyptus grandis e Pinus oocarpa consorciado com culturas e pastagens em areas de cerrado
260 3 _aColombo, PR (Brasil):
_c1992.
500 _a2. Encontro Brasileiro de Economia e Planejamento Florestal. Anais. V. 1: Sistemas agroflorestais no Brasil: aspectos tecnicos e economicos Colombo, PR (Brasil): 1992. p. 95-108 (BR9404520-AM)F08
650 _aEucalipto
650 _aPinheiro
650 _aMandioca
650 _aArroz
650 _aCapim Andropogon
650 _aConsorciacao de Cultura
650 _aCerrado
773 0 _t2. Encontro Brasileiro de Economia e Planejamento Florestal. Anais. V. 1: Sistemas agroflorestais no Brasil: aspectos tecnicos e economicos
_wF08 BR9404520
_gColombo, PR (Brasil), 1992. p. 95-108
909 _a202404
_bLucia
_c55
_dLucia Elande
942 _cAM
_2AGRIS
999 _c324233
_d324233